<?xml version="1.0" encoding="UTF-8"?>
<record
    xmlns:xsi="http://www.w3.org/2001/XMLSchema-instance"
    xsi:schemaLocation="http://www.loc.gov/MARC21/slim http://www.loc.gov/standards/marcxml/schema/MARC21slim.xsd"
    xmlns="http://www.loc.gov/MARC21/slim">

  <leader>01563cam a22003618i 4500</leader>
  <controlfield tag="001">23236806</controlfield>
  <controlfield tag="003">OSt</controlfield>
  <controlfield tag="005">20250609154910.0</controlfield>
  <controlfield tag="006">m    |o  d |     </controlfield>
  <controlfield tag="007">cr_|||||||||||</controlfield>
  <controlfield tag="008">230720s2023    nyu     o     001 0 eng  </controlfield>
  <datafield tag="010" ind1=" " ind2=" ">
    <subfield code="a">  2023024484</subfield>
  </datafield>
  <datafield tag="020" ind1=" " ind2=" ">
    <subfield code="a">9789390185832</subfield>
  </datafield>
  <datafield tag="040" ind1=" " ind2=" ">
    <subfield code="a">DLC</subfield>
    <subfield code="b">eng</subfield>
    <subfield code="c">DLC</subfield>
    <subfield code="e">rda</subfield>
  </datafield>
  <datafield tag="042" ind1=" " ind2=" ">
    <subfield code="a">pcc</subfield>
  </datafield>
  <datafield tag="050" ind1="0" ind2="0">
    <subfield code="a">HF5718</subfield>
  </datafield>
  <datafield tag="082" ind1="0" ind2="0">
    <subfield code="a">658.45</subfield>
    <subfield code="b">REN/B</subfield>
  </datafield>
  <datafield tag="100" ind1="1" ind2=" ">
    <subfield code="a">Rentz, Kathryn,</subfield>
    <subfield code="e">author.</subfield>
  </datafield>
  <datafield tag="245" ind1="1" ind2="0">
    <subfield code="a">Business communication :</subfield>
    <subfield code="b">a problem-solving approach /</subfield>
    <subfield code="c">Kathryn Rentz, University of Cincinnati, Paula Lentz, University of Wisconsin-Eau Claire, Kristen Getchell, Babson College.</subfield>
  </datafield>
  <datafield tag="264" ind1=" " ind2="1">
    <subfield code="a">India :</subfield>
    <subfield code="b">McGraw Hill LLC,</subfield>
    <subfield code="c">[2020]</subfield>
  </datafield>
  <datafield tag="300" ind1=" " ind2=" ">
    <subfield code="a">Multi pagination</subfield>
  </datafield>
  <datafield tag="336" ind1=" " ind2=" ">
    <subfield code="a">text</subfield>
    <subfield code="b">txt</subfield>
    <subfield code="2">rdacontent</subfield>
  </datafield>
  <datafield tag="337" ind1=" " ind2=" ">
    <subfield code="a">computer</subfield>
    <subfield code="b">c</subfield>
    <subfield code="2">rdamedia</subfield>
  </datafield>
  <datafield tag="338" ind1=" " ind2=" ">
    <subfield code="a">online resource</subfield>
    <subfield code="b">cr</subfield>
    <subfield code="2">rdacarrier</subfield>
  </datafield>
  <datafield tag="500" ind1=" " ind2=" ">
    <subfield code="a">Includes index.</subfield>
  </datafield>
  <datafield tag="520" ind1=" " ind2=" ">
    <subfield code="a">"The goal is to coax students out of their comfort zones into a problem solving mindset while giving them the tools they need to make good communication decisions"--</subfield>
    <subfield code="c">Provided by publisher.</subfield>
  </datafield>
  <datafield tag="588" ind1=" " ind2=" ">
    <subfield code="a">Description based on print version record and CIP data provided by publisher; resource not viewed.</subfield>
  </datafield>
  <datafield tag="650" ind1=" " ind2="0">
    <subfield code="a">Business communication.</subfield>
  </datafield>
  <datafield tag="700" ind1="1" ind2=" ">
    <subfield code="a">Lentz, Paula,</subfield>
    <subfield code="e">author.</subfield>
  </datafield>
  <datafield tag="700" ind1="1" ind2=" ">
    <subfield code="a">Getchell, Kristen M.,</subfield>
    <subfield code="e">author.</subfield>
  </datafield>
  <datafield tag="776" ind1="0" ind2="8">
    <subfield code="i">Print version:</subfield>
    <subfield code="a">Rentz, Kathryn.</subfield>
    <subfield code="t">Business communication</subfield>
    <subfield code="b">Third edition.</subfield>
    <subfield code="d">New York, NY : McGraw Hill LLC, [2024]</subfield>
    <subfield code="z">9781266678509</subfield>
    <subfield code="w">(DLC) 2023024483</subfield>
  </datafield>
  <datafield tag="942" ind1=" " ind2=" ">
    <subfield code="2">ddc</subfield>
    <subfield code="c">BK</subfield>
    <subfield code="h">658.45</subfield>
    <subfield code="i">REN/B</subfield>
    <subfield code="k">658.45</subfield>
    <subfield code="m">REN/B</subfield>
  </datafield>
  <datafield tag="952" ind1=" " ind2=" ">
    <subfield code="0">0</subfield>
    <subfield code="1">0</subfield>
    <subfield code="2">ddc</subfield>
    <subfield code="4">0</subfield>
    <subfield code="7">0</subfield>
    <subfield code="8">MANAGEMENT</subfield>
    <subfield code="a">MES</subfield>
    <subfield code="b">MES</subfield>
    <subfield code="c">MANAGEMENT</subfield>
    <subfield code="d">2025-06-09</subfield>
    <subfield code="l">0</subfield>
    <subfield code="o">658.45 REN/B</subfield>
    <subfield code="p">45509</subfield>
    <subfield code="r">2025-06-09 15:48:10</subfield>
    <subfield code="t">1</subfield>
    <subfield code="w">2025-06-09</subfield>
    <subfield code="y">BK</subfield>
    <subfield code="z">GL52R3</subfield>
  </datafield>
  <datafield tag="952" ind1=" " ind2=" ">
    <subfield code="0">0</subfield>
    <subfield code="1">0</subfield>
    <subfield code="2">ddc</subfield>
    <subfield code="4">0</subfield>
    <subfield code="7">0</subfield>
    <subfield code="8">MANAGEMENT</subfield>
    <subfield code="a">MES</subfield>
    <subfield code="b">MES</subfield>
    <subfield code="c">MANAGEMENT</subfield>
    <subfield code="d">2025-06-09</subfield>
    <subfield code="l">0</subfield>
    <subfield code="o">658.45 REN/B</subfield>
    <subfield code="p">45510</subfield>
    <subfield code="r">2025-06-09 15:48:10</subfield>
    <subfield code="t">2</subfield>
    <subfield code="w">2025-06-09</subfield>
    <subfield code="y">BK</subfield>
    <subfield code="z">GL52R3</subfield>
  </datafield>
  <datafield tag="952" ind1=" " ind2=" ">
    <subfield code="0">0</subfield>
    <subfield code="1">0</subfield>
    <subfield code="2">ddc</subfield>
    <subfield code="4">0</subfield>
    <subfield code="7">0</subfield>
    <subfield code="8">MANAGEMENT</subfield>
    <subfield code="a">MES</subfield>
    <subfield code="b">MES</subfield>
    <subfield code="c">MANAGEMENT</subfield>
    <subfield code="d">2025-06-09</subfield>
    <subfield code="l">0</subfield>
    <subfield code="o">658.45 REN/B</subfield>
    <subfield code="p">45511</subfield>
    <subfield code="r">2025-06-09 15:48:10</subfield>
    <subfield code="t">3</subfield>
    <subfield code="w">2025-06-09</subfield>
    <subfield code="y">BK</subfield>
    <subfield code="z">GL52R3</subfield>
  </datafield>
  <datafield tag="952" ind1=" " ind2=" ">
    <subfield code="0">0</subfield>
    <subfield code="1">0</subfield>
    <subfield code="2">ddc</subfield>
    <subfield code="4">0</subfield>
    <subfield code="7">0</subfield>
    <subfield code="8">MANAGEMENT</subfield>
    <subfield code="a">MES</subfield>
    <subfield code="b">MES</subfield>
    <subfield code="c">MANAGEMENT</subfield>
    <subfield code="d">2025-06-09</subfield>
    <subfield code="l">0</subfield>
    <subfield code="o">658.45 REN/B</subfield>
    <subfield code="p">45512</subfield>
    <subfield code="r">2025-06-09 15:48:10</subfield>
    <subfield code="t">4</subfield>
    <subfield code="w">2025-06-09</subfield>
    <subfield code="y">BK</subfield>
    <subfield code="z">GL52R3</subfield>
  </datafield>
  <datafield tag="952" ind1=" " ind2=" ">
    <subfield code="0">0</subfield>
    <subfield code="1">0</subfield>
    <subfield code="2">ddc</subfield>
    <subfield code="4">0</subfield>
    <subfield code="7">0</subfield>
    <subfield code="8">MANAGEMENT</subfield>
    <subfield code="a">MES</subfield>
    <subfield code="b">MES</subfield>
    <subfield code="c">MANAGEMENT</subfield>
    <subfield code="d">2025-06-09</subfield>
    <subfield code="l">0</subfield>
    <subfield code="o">658.45 REN/B</subfield>
    <subfield code="p">45513</subfield>
    <subfield code="r">2025-06-09 15:48:10</subfield>
    <subfield code="t">5</subfield>
    <subfield code="w">2025-06-09</subfield>
    <subfield code="y">BK</subfield>
    <subfield code="z">GL52R3</subfield>
  </datafield>
  <datafield tag="952" ind1=" " ind2=" ">
    <subfield code="0">0</subfield>
    <subfield code="1">0</subfield>
    <subfield code="2">ddc</subfield>
    <subfield code="4">0</subfield>
    <subfield code="7">0</subfield>
    <subfield code="8">MANAGEMENT</subfield>
    <subfield code="a">MES</subfield>
    <subfield code="b">MES</subfield>
    <subfield code="c">MANAGEMENT</subfield>
    <subfield code="d">2025-06-09</subfield>
    <subfield code="l">0</subfield>
    <subfield code="o">658.45 REN/B</subfield>
    <subfield code="p">45514</subfield>
    <subfield code="r">2025-06-09 15:48:10</subfield>
    <subfield code="t">6</subfield>
    <subfield code="w">2025-06-09</subfield>
    <subfield code="y">BK</subfield>
    <subfield code="z">GL52R3</subfield>
  </datafield>
  <datafield tag="952" ind1=" " ind2=" ">
    <subfield code="0">0</subfield>
    <subfield code="1">0</subfield>
    <subfield code="2">ddc</subfield>
    <subfield code="4">0</subfield>
    <subfield code="7">0</subfield>
    <subfield code="8">MANAGEMENT</subfield>
    <subfield code="a">MES</subfield>
    <subfield code="b">MES</subfield>
    <subfield code="c">MANAGEMENT</subfield>
    <subfield code="d">2025-06-09</subfield>
    <subfield code="l">0</subfield>
    <subfield code="o">658.45 REN/B</subfield>
    <subfield code="p">45515</subfield>
    <subfield code="r">2025-06-09 15:48:10</subfield>
    <subfield code="t">7</subfield>
    <subfield code="w">2025-06-09</subfield>
    <subfield code="y">BK</subfield>
    <subfield code="z">GL52R3</subfield>
  </datafield>
  <datafield tag="952" ind1=" " ind2=" ">
    <subfield code="0">0</subfield>
    <subfield code="1">0</subfield>
    <subfield code="2">ddc</subfield>
    <subfield code="4">0</subfield>
    <subfield code="7">0</subfield>
    <subfield code="8">MANAGEMENT</subfield>
    <subfield code="a">MES</subfield>
    <subfield code="b">MES</subfield>
    <subfield code="c">MANAGEMENT</subfield>
    <subfield code="d">2025-06-09</subfield>
    <subfield code="l">0</subfield>
    <subfield code="o">658.45 REN/B</subfield>
    <subfield code="p">45516</subfield>
    <subfield code="r">2025-06-09 15:48:10</subfield>
    <subfield code="t">8</subfield>
    <subfield code="w">2025-06-09</subfield>
    <subfield code="y">BK</subfield>
    <subfield code="z">GL52R3</subfield>
  </datafield>
  <datafield tag="952" ind1=" " ind2=" ">
    <subfield code="0">0</subfield>
    <subfield code="1">0</subfield>
    <subfield code="2">ddc</subfield>
    <subfield code="4">0</subfield>
    <subfield code="7">0</subfield>
    <subfield code="8">MANAGEMENT</subfield>
    <subfield code="a">MES</subfield>
    <subfield code="b">MES</subfield>
    <subfield code="c">MANAGEMENT</subfield>
    <subfield code="d">2025-06-09</subfield>
    <subfield code="l">0</subfield>
    <subfield code="o">658.45 REN/B</subfield>
    <subfield code="p">45517</subfield>
    <subfield code="r">2025-06-09 15:48:10</subfield>
    <subfield code="t">9</subfield>
    <subfield code="w">2025-06-09</subfield>
    <subfield code="y">BK</subfield>
    <subfield code="z">GL52R3</subfield>
  </datafield>
  <datafield tag="952" ind1=" " ind2=" ">
    <subfield code="0">0</subfield>
    <subfield code="1">0</subfield>
    <subfield code="2">ddc</subfield>
    <subfield code="4">0</subfield>
    <subfield code="7">0</subfield>
    <subfield code="8">MANAGEMENT</subfield>
    <subfield code="a">MES</subfield>
    <subfield code="b">MES</subfield>
    <subfield code="c">MANAGEMENT</subfield>
    <subfield code="d">2025-06-09</subfield>
    <subfield code="l">0</subfield>
    <subfield code="o">658.45 REN/B</subfield>
    <subfield code="p">45518</subfield>
    <subfield code="r">2025-06-09 15:48:10</subfield>
    <subfield code="t">10</subfield>
    <subfield code="w">2025-06-09</subfield>
    <subfield code="y">BK</subfield>
    <subfield code="z">GL52R3</subfield>
  </datafield>
  <datafield tag="952" ind1=" " ind2=" ">
    <subfield code="0">0</subfield>
    <subfield code="1">0</subfield>
    <subfield code="2">ddc</subfield>
    <subfield code="4">0</subfield>
    <subfield code="7">0</subfield>
    <subfield code="8">MANAGEMENT</subfield>
    <subfield code="a">MES</subfield>
    <subfield code="b">MES</subfield>
    <subfield code="c">MANAGEMENT</subfield>
    <subfield code="d">2025-06-09</subfield>
    <subfield code="l">0</subfield>
    <subfield code="o">658.45 REN/B</subfield>
    <subfield code="p">45519</subfield>
    <subfield code="r">2025-06-09 15:48:10</subfield>
    <subfield code="t">11</subfield>
    <subfield code="w">2025-06-09</subfield>
    <subfield code="y">BK</subfield>
    <subfield code="z">GL52R3</subfield>
  </datafield>
  <datafield tag="952" ind1=" " ind2=" ">
    <subfield code="0">0</subfield>
    <subfield code="1">0</subfield>
    <subfield code="2">ddc</subfield>
    <subfield code="4">0</subfield>
    <subfield code="7">0</subfield>
    <subfield code="8">MANAGEMENT</subfield>
    <subfield code="a">MES</subfield>
    <subfield code="b">MES</subfield>
    <subfield code="c">MANAGEMENT</subfield>
    <subfield code="d">2025-06-09</subfield>
    <subfield code="l">0</subfield>
    <subfield code="o">658.45 REN/B</subfield>
    <subfield code="p">45520</subfield>
    <subfield code="r">2025-06-09 15:48:10</subfield>
    <subfield code="t">12</subfield>
    <subfield code="w">2025-06-09</subfield>
    <subfield code="y">BK</subfield>
    <subfield code="z">GL52R3</subfield>
  </datafield>
  <datafield tag="952" ind1=" " ind2=" ">
    <subfield code="0">0</subfield>
    <subfield code="1">0</subfield>
    <subfield code="2">ddc</subfield>
    <subfield code="4">0</subfield>
    <subfield code="7">0</subfield>
    <subfield code="8">MANAGEMENT</subfield>
    <subfield code="a">MES</subfield>
    <subfield code="b">MES</subfield>
    <subfield code="c">MANAGEMENT</subfield>
    <subfield code="d">2025-06-09</subfield>
    <subfield code="l">0</subfield>
    <subfield code="o">658.45 REN/B</subfield>
    <subfield code="p">45521</subfield>
    <subfield code="r">2025-06-09 15:48:10</subfield>
    <subfield code="t">13</subfield>
    <subfield code="w">2025-06-09</subfield>
    <subfield code="y">BK</subfield>
    <subfield code="z">GL52R3</subfield>
  </datafield>
  <datafield tag="952" ind1=" " ind2=" ">
    <subfield code="0">0</subfield>
    <subfield code="1">0</subfield>
    <subfield code="2">ddc</subfield>
    <subfield code="4">0</subfield>
    <subfield code="7">0</subfield>
    <subfield code="8">MANAGEMENT</subfield>
    <subfield code="a">MES</subfield>
    <subfield code="b">MES</subfield>
    <subfield code="c">MANAGEMENT</subfield>
    <subfield code="d">2025-06-09</subfield>
    <subfield code="l">0</subfield>
    <subfield code="o">658.45 REN/B</subfield>
    <subfield code="p">45522</subfield>
    <subfield code="r">2025-06-09 15:48:10</subfield>
    <subfield code="t">14</subfield>
    <subfield code="w">2025-06-09</subfield>
    <subfield code="y">BK</subfield>
    <subfield code="z">GL52R3</subfield>
  </datafield>
  <datafield tag="952" ind1=" " ind2=" ">
    <subfield code="0">0</subfield>
    <subfield code="1">0</subfield>
    <subfield code="2">ddc</subfield>
    <subfield code="4">0</subfield>
    <subfield code="7">0</subfield>
    <subfield code="8">MANAGEMENT</subfield>
    <subfield code="a">MES</subfield>
    <subfield code="b">MES</subfield>
    <subfield code="c">MANAGEMENT</subfield>
    <subfield code="d">2025-06-09</subfield>
    <subfield code="l">0</subfield>
    <subfield code="o">658.45 REN/B</subfield>
    <subfield code="p">45523</subfield>
    <subfield code="r">2025-06-09 15:48:10</subfield>
    <subfield code="t">15</subfield>
    <subfield code="w">2025-06-09</subfield>
    <subfield code="y">BK</subfield>
    <subfield code="z">GL52R3</subfield>
  </datafield>
  <datafield tag="952" ind1=" " ind2=" ">
    <subfield code="0">0</subfield>
    <subfield code="1">0</subfield>
    <subfield code="2">ddc</subfield>
    <subfield code="4">0</subfield>
    <subfield code="7">0</subfield>
    <subfield code="8">MANAGEMENT</subfield>
    <subfield code="a">MES</subfield>
    <subfield code="b">MES</subfield>
    <subfield code="c">MANAGEMENT</subfield>
    <subfield code="d">2025-06-09</subfield>
    <subfield code="l">0</subfield>
    <subfield code="o">658.45 REN/B</subfield>
    <subfield code="p">45524</subfield>
    <subfield code="r">2025-06-09 15:48:10</subfield>
    <subfield code="t">16</subfield>
    <subfield code="w">2025-06-09</subfield>
    <subfield code="y">BK</subfield>
    <subfield code="z">GL52R3</subfield>
  </datafield>
  <datafield tag="952" ind1=" " ind2=" ">
    <subfield code="0">0</subfield>
    <subfield code="1">0</subfield>
    <subfield code="2">ddc</subfield>
    <subfield code="4">0</subfield>
    <subfield code="7">0</subfield>
    <subfield code="8">MANAGEMENT</subfield>
    <subfield code="a">MES</subfield>
    <subfield code="b">MES</subfield>
    <subfield code="c">MANAGEMENT</subfield>
    <subfield code="d">2025-06-09</subfield>
    <subfield code="l">0</subfield>
    <subfield code="o">658.45 REN/B</subfield>
    <subfield code="p">45525</subfield>
    <subfield code="r">2025-06-09 15:48:10</subfield>
    <subfield code="t">17</subfield>
    <subfield code="w">2025-06-09</subfield>
    <subfield code="y">BK</subfield>
    <subfield code="z">GL52R3</subfield>
  </datafield>
  <datafield tag="952" ind1=" " ind2=" ">
    <subfield code="0">0</subfield>
    <subfield code="1">0</subfield>
    <subfield code="2">ddc</subfield>
    <subfield code="4">0</subfield>
    <subfield code="7">0</subfield>
    <subfield code="8">MANAGEMENT</subfield>
    <subfield code="a">MES</subfield>
    <subfield code="b">MES</subfield>
    <subfield code="c">MANAGEMENT</subfield>
    <subfield code="d">2025-06-09</subfield>
    <subfield code="l">0</subfield>
    <subfield code="o">658.45 REN/B</subfield>
    <subfield code="p">45526</subfield>
    <subfield code="r">2025-06-09 15:48:10</subfield>
    <subfield code="t">18</subfield>
    <subfield code="w">2025-06-09</subfield>
    <subfield code="y">BK</subfield>
    <subfield code="z">GL52R3</subfield>
  </datafield>
  <datafield tag="952" ind1=" " ind2=" ">
    <subfield code="0">0</subfield>
    <subfield code="1">0</subfield>
    <subfield code="2">ddc</subfield>
    <subfield code="4">0</subfield>
    <subfield code="7">0</subfield>
    <subfield code="8">MANAGEMENT</subfield>
    <subfield code="a">MES</subfield>
    <subfield code="b">MES</subfield>
    <subfield code="c">MANAGEMENT</subfield>
    <subfield code="d">2025-06-09</subfield>
    <subfield code="l">0</subfield>
    <subfield code="o">658.45 REN/B</subfield>
    <subfield code="p">45527</subfield>
    <subfield code="r">2025-06-09 15:48:10</subfield>
    <subfield code="t">19</subfield>
    <subfield code="w">2025-06-09</subfield>
    <subfield code="y">BK</subfield>
    <subfield code="z">GL52R3</subfield>
  </datafield>
  <datafield tag="952" ind1=" " ind2=" ">
    <subfield code="0">0</subfield>
    <subfield code="1">0</subfield>
    <subfield code="2">ddc</subfield>
    <subfield code="4">0</subfield>
    <subfield code="7">0</subfield>
    <subfield code="8">MANAGEMENT</subfield>
    <subfield code="a">MES</subfield>
    <subfield code="b">MES</subfield>
    <subfield code="c">MANAGEMENT</subfield>
    <subfield code="d">2025-06-09</subfield>
    <subfield code="l">0</subfield>
    <subfield code="o">658.45 REN/B</subfield>
    <subfield code="p">46020</subfield>
    <subfield code="r">2025-06-09 15:48:54</subfield>
    <subfield code="t">20</subfield>
    <subfield code="w">2025-06-09</subfield>
    <subfield code="y">BK</subfield>
    <subfield code="z">GL52R3</subfield>
  </datafield>
  <datafield tag="952" ind1=" " ind2=" ">
    <subfield code="0">0</subfield>
    <subfield code="1">0</subfield>
    <subfield code="2">ddc</subfield>
    <subfield code="4">0</subfield>
    <subfield code="7">0</subfield>
    <subfield code="8">MANAGEMENT</subfield>
    <subfield code="a">MES</subfield>
    <subfield code="b">MES</subfield>
    <subfield code="c">MANAGEMENT</subfield>
    <subfield code="d">2025-06-09</subfield>
    <subfield code="l">0</subfield>
    <subfield code="o">658.45 REN/B</subfield>
    <subfield code="p">46021</subfield>
    <subfield code="r">2025-06-09 15:48:54</subfield>
    <subfield code="t">21</subfield>
    <subfield code="w">2025-06-09</subfield>
    <subfield code="y">BK</subfield>
    <subfield code="z">GL52R3</subfield>
  </datafield>
  <datafield tag="952" ind1=" " ind2=" ">
    <subfield code="0">0</subfield>
    <subfield code="1">0</subfield>
    <subfield code="2">ddc</subfield>
    <subfield code="4">0</subfield>
    <subfield code="7">0</subfield>
    <subfield code="8">MANAGEMENT</subfield>
    <subfield code="a">MES</subfield>
    <subfield code="b">MES</subfield>
    <subfield code="c">MANAGEMENT</subfield>
    <subfield code="d">2025-06-09</subfield>
    <subfield code="l">0</subfield>
    <subfield code="o">658.45 REN/B</subfield>
    <subfield code="p">46022</subfield>
    <subfield code="r">2025-06-09 15:48:54</subfield>
    <subfield code="t">22</subfield>
    <subfield code="w">2025-06-09</subfield>
    <subfield code="y">BK</subfield>
    <subfield code="z">GL52R3</subfield>
  </datafield>
  <datafield tag="999" ind1=" " ind2=" ">
    <subfield code="c">44456</subfield>
    <subfield code="d">44456</subfield>
  </datafield>
</record>
